Statistiques concernant Débuts de chansons - Années 80 #2

Cliquez ici pour prendre le quiz!

Statistiques générales

  • Ce quiz a été pris 805 fois
    (773 depuis la dernière actualisation)
  • Le résultat moyen est 9 sur 22

Statistiques - réponses

ParolesChanson% Correct
Un peu spéciale, elle est célibataire / Le regard pâle, les cheveux en arrièreLes yeux revolver / Marc Lavoine
95%
Rue déserte / Dernière cigarette / Plus rien ne bougeLes démons de minuit / Images
90%
Minuit se lève en haut des tours / Les voix se taisent / Tout devient aveugle et sourdEnvole-moi / Jean-Jacques Goldman
82%
Au dessus des vieux volcans / Glissent des ailes sous le tapis du ventDesireless / Voyage Voyage
63%
Ils sont partis pour gagner / Ils ne sont jamais rentrésCapitaine abandonné / Gold
60%
Dans un voyage en absurdie / Que je fais lorsque je m'ennuieÊtre une femme / Michel Sardou
57%
Je suis amoureuse d'une terre sauvage / Un sorcier vaudou m'a peint le visageAfrica / Rose Laurens
51%
Viens / Mais ne viens pas quand je serais seule / Quand le rideau un jour tomberaMourir sur scène / Dalida
51%
C'est comme une gaieté / Comme un sourire / Quelque chose dans la voix / Qui paraît nous dire "viens"Ella, elle l'a / France Gall
48%
Les coups de poings dans l'âme / Le froid de la lame qui courtJe ne suis pas un héros / Daniel Balavoine
44%
Quand je serai fatigué / De sourire à ces gens qui m'écrasentLa dame de Haute-Savoie / Francis Cabrel
40%
T'avais les cheveux blonds / Un crocodile sur ton blousonEst-ce que tu viens pour les vacances? / David et Jonathan
36%
Ton regard oblique / En rien n'est lubrique / Ta maman t'a trop fesséPourvu qu'elles soient douces / Mylène Farmer
35%
J'ai crevé l'oreiller / J'ai dû rêver trop fortVertige de l'amour / Alain Bashung
27%
Bon c'est l'heure où les souvenirs se ramènent / Juste quand le sommeil se met en grèveMise au point / Jakie Quartz
19%
Moi, je suis comme une bombe / Qu'on a larguée / Et puis qui tombe au beau milieu / D'un slow d'enfer sans partenaireBoule de flipper / Corynne Charby
16%
Danse / Va tanguer sur le parquet ciré / Les violons ça fait rêverLes divas du dancing / Cataldo
16%
Satanée pleine lune rousse triangle des Bermudes / J'fais rimer latitude, solitude et incertitudeDuel au soleil / Étienne Daho
13%
Ça s'passe boulevard Haussmann à cinq heures / Elle sent venir une larme de son cœurUltra moderne solitude / Alain Souchon
12%
L’action se déroule dans ta ville / Vue d’hélicoptère ou du haut d’un buildingAinsi soit-il / Louis Chedid
11%
C’était pas l'année dernière / C'était pas à Marienbad / Comment voulez-vous que je m'en rappelle?Canoë Rose / Viktor Lazlo
6%
Mais qui a soulagé sa peine? / Porté son bois, porté les seaux?Louise / Gérard Berliner
4%

Distribution des résultats

Percentile par nombre de réponses

% des personnes avec chaque résultat

Votre développement - résultats

Vous n’avez pas pris ce quiz depuis la dernière actualisation